000 00503nam a2200133Ia 4500
005 20260209120129.0
008 260209s9999||||xx |||||||||||||| ||und||
100 _aRav Pratap Singh
245 0 _aLaw relating to cross border insolvencies : perspectives challenges of the current legal framework
260 _aBangaloreBangalore
_bNLSIU
_c2011
300 _a75 p. ; 25 cm.
700 _aProf. (Dr.) N L Mitra - GuideProf. (Dr.) N L Mitra - Guide
856 _uhttps://dans.nls.ac.in/handle/123456789/1899
999 _c216984
_d216984